JR東日本の全汎用発車メロディ - Statistics

General Stats
  • This quiz has been taken 13 times
  • The average score is 83 of 500
Answer Stats
整理番号 Answer 使用駅 % Correct
近郊地域13番 曲名不明 旧西川越・旧的場・旧笠幡・旧武蔵高萩
60%
近郊地域13-1番 曲名不明 旧西川越・旧北千住
60%
近郊地域14番 曲名不明 旧西川越・旧的場・旧笠幡・旧武蔵高萩
60%
近郊地域14-1番 曲名不明 旧西川越
60%
近郊地域15番 曲名不明 旧日進・旧府中本町・旧甲府など
60%
近郊地域15-1番 曲名不明 旧小作・旧河辺
60%
近郊地域16番 曲名不明 旧日進・旧府中本町・旧甲府など
60%
近郊地域16-1番 曲名不明 旧小作・旧河辺
60%
府中本町1番 曲名不明 旧府中本町
60%
府中本町2番 曲名不明 中村・宿毛・旧府中本町など
60%
長野1番 曲名不明 下諏訪・旧茅野・旧上諏訪
60%
長野1-1番 曲名不明 旧茅野・旧東村山
60%
長野2番 曲名不明 軽井沢・明科・今井・しんざ(接近)
60%
長野4番 曲名不明 茅野
60%
近郊地域18番 曲名不明 旧津田沼・旧拝島
60%
近郊地域18番 曲名不明 旧成東
60%
川越1番 曲名不明 旧川越・旧笠幡・旧的場・旧武蔵新城
60%
信濃町1番 曲名不明 旧信濃町
60%
長野3番 曲名不明 旧松本・旧長野
60%
GK2-b番 曲名不明 末広町(神奈川臨海・接近)・旧北鴻巣など
60%
GK6-b番 曲名不明 旧北上尾
60%
近郊地域91番 曲名不明 旧成田
60%
常磐1番 曲名不明 旧北千住
60%
常磐2番 曲名不明 北千住
60%
常磐3番 曲名不明 旧北千住
60%
常磐3-1番 曲名不明 北千住
60%
首都圏3-12番 曲名不明 旧宇都宮
60%
首都圏22番 曲名不明 立川
60%
首都圏23番 曲名不明 立川
60%
首都圏29番 曲名不明 旧宇都宮
60%
首都圏33-3番 曲名不明 大原
60%
首都圏35-3番 曲名不明 成田
60%
首都圏35-4番 曲名不明 成田
60%
近郊地域26番 JR-SH1-3 軽井沢・旧佐原・旧信濃町・旧駒形など
60%
近郊地域24番 JR-SH2-3 片倉・八幡宿・小諸(しな鉄)・旧東京など
50%
近郊地域22番 JR-SH5-3 旧熱海・旧水戸・旧立川・旧北浦和など
50%
近郊地域54番 朝の静けさ 昭島・拝島・武蔵五日市・福生など
40%
近郊地域29番 JR-SH3-1 末広町(神奈川臨海)・旧北本・旧根岸など
40%
近郊地域33番 JR-SH4-1 旧宮原・旧沼田・旧新杉田・旧塩山など
40%
近郊地域37番 JR-SH6-1 旧御茶ノ水・旧茅ケ崎・旧立川など
40%
近郊地域38番 JR-SH6-3 旧大原・旧立川
40%
近郊地域35番 JR-SH7-1 旧本庄・旧茅ケ崎・旧八王子
40%
近郊地域28番 JR-SH8-3 旧勝浦・旧八王子・旧立川
40%
近郊地域32番 JR-SH9-3 旧御茶ノ水
40%
近郊地域44番 古いオルゴール 長野・旧川越・旧佐原・旧代々木など
30%
近郊地域55番 美しき丘 旧袖ケ浦・旧上総一ノ宮・旧立川など
30%
近郊地域86番 楽々鉄道旅行 青梅・旧市川・旧西川越・旧矢板など
30%
近郊地域88番 キッズステーション 青梅・羽沢横浜国大・巌根・佐野など
30%
近郊地域94番 フラワーショップ 旧成田・旧青梅・旧高輪ゲートウェイなど
30%
原宿1番 原宿a 旧原宿
30%
新宿114番 Airy 旧本納・旧茂原・旧八積・旧新宿など
30%
近郊地域78番 ジュピターB 旧中之条・旧甲府・旧川口・旧蕨など
30%
原宿2番 原宿b 旧原宿
30%
近郊地域50番 Cappuccino 我孫子・拝島・福生・羽村・河辺など
30%
近郊地域105番 ジュピターE 旧幕張
30%
近郊地域101番 ジュピターG 旧武蔵浦和・旧伊勢崎
30%
首都圏15-1番 JRE-IKST-001-01 東京・新木場・新浦安・南船橋など
30%
首都圏15番 JRE-IKST-001-02 東京・新木場・新浦安・南船橋など
30%
首都圏15-3番 JRE-IKST-001-04 新浦安・新習志野
30%
首都圏15-4番 JRE-IKST-001-05 千葉みなと
30%
首都圏15-2番 JRE-IKST-001-07 新浦安・新習志野
30%
首都圏17-1番 JRE-IKST-002-01 西船橋・新松戸・南浦和・武蔵浦和など
30%
首都圏17番 JRE-IKST-002-02 西船橋・新松戸・南浦和・武蔵浦和など
30%
首都圏10-1番 JRE-IKST-003-01 中野・新宿・御茶ノ水・船橋・津田沼など
30%
首都圏10番 JRE-IKST-003-02 中野・新宿・御茶ノ水・船橋・津田沼など
30%
首都圏10-3番 JRE-IKST-003-05 幕張
30%
首都圏10-2番 JRE-IKST-003-06 幕張
30%
首都圏14-1番 JRE-IKST-004-01 東京
30%
首都圏14番 JRE-IKST-004-02 東京
30%
首都圏13番 JRE-IKST-005-01 東京・津田沼
30%
首都圏13-1番 JRE-IKST-005-02 東京・津田沼・上野
30%
首都圏5-2番 JRE-IKST-006-04 武蔵浦和・川越
30%
首都圏5-3番 JRE-IKST-006-05 武蔵浦和・川越
30%
首都圏1-3番 JRE-IKST-007-03 南浦和・桜木町・品川(定期扱いなし)
30%
首都圏1-2番 JRE-IKST-007-05 南浦和・桜木町(定期扱いなし)・品川(同)
30%
首都圏16-1番 JRE-IKST-008-01 大宮
30%
首都圏16-2番 JRE-IKST-008-02 津田沼
30%
首都圏16番 JRE-IKST-008-03 逗子
30%
首都圏6番 JRE-IKST-009-01 新宿・大宮・桶川・本庄・高崎など
30%
首都圏6-1番 JRE-IKST-009-02 新宿・大宮・桶川・本庄・高崎など
30%
首都圏11番 JRE-IKST-010-01 東京・上野・新宿・渋谷・大崎・品川など
30%
首都圏11-1番 JRE-IKST-010-02 東京・上野・新宿・渋谷・大崎・品川など
30%
首都圏11-2番 JRE-IKST-010-03 大崎
30%
首都圏11-3番 JRE-IKST-010-05 大崎
30%
首都圏7番 JRE-IKST-011-01 新宿・中野・柏(定期扱いなし)
30%
首都圏7-1番 JRE-IKST-011-02 新宿・松戸(定期扱いなし)・柏(同)
30%
首都圏9番 JRE-IKST-012-01 新宿・高尾・大月・甲府・小淵沢など
30%
首都圏9-1番 JRE-IKST-012-02 新宿・高尾・大月・甲府・小淵沢など
30%
首都圏9-3番 JRE-IKST-012-03 大月・甲府
30%
首都圏9-4番 JRE-IKST-012-04 塩山・竜王
30%
首都圏9-2番 JRE-IKST-012-08 相模湖・山梨市
30%
首都圏12-1番 JRE-IKST-013-01 品川・東京・上野・水戸・いわきなど
30%
首都圏12番 JRE-IKST-013-02 東京・上野・松戸・水戸・いわきなど
30%
首都圏12-2番 JRE-IKST-013-03 羽鳥・赤塚・水戸
30%
首都圏12-4番 JRE-IKST-013-04 水戸・いわき
30%
首都圏12-3番 JRE-IKST-013-05 羽鳥・水戸・勝田
30%
首都圏20番 JRE-IKST-014-01 大宮・立川(定期扱いなし)・南武線乗降促進
30%
首都圏20-1番 JRE-IKST-014-02 大宮・立川(定期扱いなし)・南武線乗降促進
30%
首都圏4番 JRE-IKST-015-01 逗子・横浜・品川・東京・津田沼など
30%
首都圏4-1番 JRE-IKST-015-02 逗子・横浜・東京・船橋・津田沼など
30%
首都圏4-2番 JRE-IKST-015-05 横須賀
30%
首都圏8番 JRE-IKST-016-01 東京・新宿・中野・立川・高尾など
30%
首都圏8-1番 JRE-IKST-016-02 東京・新宿・中野・立川・高尾など
30%
首都圏8-2番 JRE-IKST-016-03 立川
30%
首都圏8-3番 JRE-IKST-016-04 東小金井・武蔵小金井・国立・立川
30%
首都圏2-1番 JRE-IKST-017-01 西船橋・津田沼・東神奈川・旧横浜
30%
首都圏2番 JRE-IKST-017-02 中野・西船橋・津田沼・東神奈川・旧横浜
30%
首都圏18番 JRE-IKST-019-01 西船橋・東所沢
30%
首都圏18-1番 JRE-IKST-019-02 西船橋・吉川美南・東所沢
30%
首都圏21-1番 JRE-IKST-020-01 上野・取手・来宮・伊豆多賀・網代
30%
首都圏21番 JRE-IKST-020-02 上野・松戸・取手・熱海・網代など
30%
首都圏3-2番 JRE-IKST-021-03 上野(定期扱いなし)・品川
30%
首都圏3-5番 JRE-IKST-021-04 白岡・旧品川?
30%
首都圏3-4番 JRE-IKST-021-05 小山・品川・横浜
30%
首都圏3-3番 JRE-IKST-021-06 小山・品川・横浜
30%
首都圏3-7番 JRE-IKST-021-08 藤沢・茅ケ崎
30%
首都圏3-6番 JRE-IKST-021-10 藤沢・茅ケ崎
30%
首都圏3-11番 JRE-IKST-021-11 小金井
30%
首都圏3-9番 JRE-IKST-021-13 古河
30%
首都圏3-10番 JRE-IKST-021-14 小金井
30%
首都圏36番 JRE-IKST-022-01 浜野・袖ケ浦・千倉・安房鴨川など
30%
首都圏36-1番 JRE-IKST-022-02 浜野・姉ケ崎・長浦・袖ケ浦・千倉
30%
首都圏24番 JRE-IKST-023-02 小淵沢
30%
首都圏26-1番 JRE-IKST-025-01 高崎・新前橋・渋川・沼田など
30%
首都圏26番 JRE-IKST-025-02 高崎・新前橋・渋川・沼田など
30%
首都圏25-1番 JRE-IKST-026-01 安中・横川
30%
首都圏25番 JRE-IKST-026-02 高崎・安中・横川
30%
首都圏33-1番 JRE-IKST-027-01 誉田・大網・茂原・上総一ノ宮など
30%
首都圏33番 JRE-IKST-027-02 誉田・大網・茂原・上総一ノ宮など
30%
首都圏33-2番 JRE-IKST-027-05 上総一ノ宮・勝浦
30%
首都圏27番 JRE-IKST-028-01 前橋大島・駒形・伊勢崎・佐野・小山など
30%
首都圏27-1番 JRE-IKST-028-02 新前橋・伊勢崎・佐野・小山など
30%
首都圏32番 JRE-IKST-031-01 水戸
30%
首都圏32-1番 JRE-IKST-031-02 水戸
30%
東北102番 JRE-IKST-036-01 いわき
30%
東北102-1番 JRE-IKST-036-02 いわき
30%
首都圏28番 JRE-IKST-038-01 中之条・長野原草津口
30%
首都圏28-1番 JRE-IKST-038-02 中之条
30%
首都圏34-1番 JRE-IKST-039-01 四街道・八街・榎戸・成東・銚子
30%
首都圏34-2番 JRE-IKST-039-02 四街道・八街・榎戸・成東・銚子
30%
首都圏34-3番 JRE-IKST-039-03 八街
30%
首都圏34番 JRE-IKST-039-04 銚子
30%
首都圏35番 JRE-IKST-042-01 佐原・銚子・空港第2ビル・成田空港
30%
首都圏35-2番 JRE-IKST-042-02 佐原・成田・成田空港
30%
首都圏35-1番 JRE-IKST-042-05 佐原・成田
30%
首都圏38番 JRE-IKST-044-01 成東・東金
30%
首都圏38-1番 JRE-IKST-044-02 成東・東金
30%
首都圏37番 JRE-IKST-047-01 鹿島神宮・小山(定期扱いなし)
30%
首都圏37-1番 JRE-IKST-047-02 佐原・鹿島神宮・小山(定期扱いなし)
30%
東北101-1番 JRE-IKST-101-01 新白河
30%
東北101番 JRE-IKST-101-02 新白河
30%
首都圏30-1番 JRE-IKST-102-01 熊谷・越後湯沢・長岡・燕三条など
30%
首都圏30番 JRE-IKST-102-02 熊谷・越後湯沢・長岡・燕三条など
30%
首都圏30-2番 JRE-IKST-102-03 越後湯沢
30%
首都圏30-3番 JRE-IKST-102-04 越後湯沢
30%
首都圏31番 JRE-IKST-105-01 安中榛名・佐久平・上田
30%
首都圏31-1番 JRE-IKST-105-02 安中榛名・佐久平・上田
30%
新宿106番 See you again 北上・二戸・旧新浦安・旧上野など
30%
近郊地域10-4番 草原 パーカッション強調Ver 旧大原・旧大久保・旧東松戸・旧大崎など
30%
近郊地域43番 線路の彼方 尾久・日暮里・旧立川・旧銚子など
20%
近郊地域48番 花と空 我孫子・旧佐原・旧上野原・旧二俣新町
20%
近郊地域59番 ベルの響き 旧岡部・旧本納・旧茂原・旧八積など
20%
近郊地域60番 雪解け間近 旧佐原・旧西船橋・旧八街など
20%
近郊地域64番 コーラルリーフ 旧銚子・旧大宮・旧武蔵浦和など
20%
近郊地域65番 星空の下 旧新前橋・旧府中本町・旧西船橋など
20%
近郊地域66番 南風の行方 旧新八柱・旧上総一ノ宮・旧誉田・旧黒磯
20%
近郊地域67番 春一番 旧東松戸
20%
近郊地域68番 公園の楓 旧千葉みなと・旧葛西臨海公園
20%
近郊地域69番 公園通り 旧千葉みなと
20%
近郊地域71番 ドリームタイム 旧稲毛海岸
20%
近郊地域72番 緑の車窓 旧検見川浜
20%
近郊地域73番 海辺の散歩 旧葛西臨海公園・旧佐野・旧南船橋
20%
近郊地域74番 蝶々のように 佐倉・旧戸塚
20%
近郊地域76番 ムーンストーン 佐倉・旧市川・旧武蔵小金井など
20%
近郊地域77番 シーウインド 佐倉・旧幕張豊砂・旧栃木・旧軍畑など
20%
前橋1番 恋の通勤列車 青梅・旧武蔵浦和・旧横川・旧甲府など
20%
近郊地域84番 森の妖精 旧市川・旧南船橋
20%
近郊地域85番 朝つゆ 旧市川
20%
近郊地域87番 旅の予感 旧軍畑・旧川井
20%
近郊地域89番 朝の教会 旧安房鴨川
20%
近郊地域90番 幸せチャイム 旧安房鴨川
20%
近郊地域92番 窓の花飾り 旧成田・旧東神奈川・旧新木
20%
近郊地域93番 スイートコール 旧成田・旧高輪ゲートウェイ
20%
近郊地域98番 希望の朝 旧成田空港・旧幕張豊砂
20%
近郊地域100番 青空と線路 旧甲府
20%
近郊地域102番 通勤ステップ 旧南船橋・旧伊勢崎
20%
近郊地域103番 ハッピーガール 旧幕張
20%
近郊地域104番 朝のドヴィッシー 旧幕張・旧新木
20%
近郊地域106番 幸福の銀レール 旧幕張・旧南船橋
20%
近郊地域109番 旧品川
20%
近郊地域110番 木もれ陽の散歩道 旧東神奈川・旧武蔵小金井・旧戸塚
20%
新宿104-1番 夏色の時間 旧新習志野・旧新宿・旧武蔵小杉
20%
新宿112番 新たな季節 旧武蔵浦和・旧大宮・旧新宿など
20%
常磐4番 きらきら星変奏曲 荒川沖・土浦・神立
20%
常磐7番 日本庭園の水と草木 旧水戸
20%
常磐8番 大都会の雑踏の中で聞こえるチャイム 旧水戸
20%
常磐9番 太平洋の海岸での生命の誕生 旧水戸
20%
常磐11番 楽興の時 旧いわき
20%
常磐12番 春の歌 旧いわき
20%
近郊地域95番 旅立ちB 旧成田
20%
東日本地域5-1番 Cielo Estrellado 上野Ver 千倉・旧上野
20%
新宿102番 Farewell 東秋留・秋川・武蔵増戸・武蔵五日市など
20%
東日本地域6番 Gota Del Vient 標準Ver 大船
20%
東日本地域6-1番 Gota Del Vient 半音低いVer 五井・物井・都賀・酒々井
20%
東日本地域6-2番 Gota Del Vient エンドレスVer 旧安房鴨川
20%
東日本地域6-7番 Gota Del Vient 四街道Ver 千倉・旧四街道
20%
周辺地域114番 JR-SHR1-1 東我孫子
20%
周辺地域115番 JR-SHR1-3 安食
20%
周辺地域116番 JR-SHR2-1 小林
20%
周辺地域117番 JR-SHR2-3 東我孫子
20%
周辺地域118番 JR-SHR3-1 木下
20%
周辺地域119番 JR-SHR3-3 湖北
20%
周辺地域120番 JR-SHR4-1 旧稲毛
20%
周辺地域121番 JR-SHR4-3 布佐
20%
周辺地域122番 JR-SHR5-1 旧誉田
20%
周辺地域123番 JR-SHR5-3 木下
20%
周辺地域124番 JR-SHR6-1 新木
20%
周辺地域125番 JR-SHR6-3 小林
20%
周辺地域126番 JR-SHR7-1 湖北
20%
周辺地域127番 JR-SHR7-3 旧誉田
20%
周辺地域128番 JR-SHR8-1 布佐
20%
周辺地域129番 JR-SHR8-3 旧稲毛
20%
周辺地域130番 JR-SHR9-1 安食
20%
周辺地域131番 JR-SHR9-3 新木
20%
常磐5番 ロンドKV.485 旧土浦
20%
周辺地域106番 SF10-38 旧大崎・旧取手
20%
周辺地域109番 SF10-43 旧柏・旧武蔵小杉
20%
周辺地域110番 SF10-68 品川・旧松戸
20%
周辺地域102番 SF2 旧金町
20%
近郊地域39-3番 ホリデイV1 旧立川・旧勝沼ぶどう郷・旧稲城長沼など
20%
近郊地域41-2番 秋桜V1 長野・旧高崎問屋町・旧新八柱など
20%
近郊地域42-1番 あざみ野V1 旧拝島・旧船橋・旧津田沼・旧稲毛など
20%
近郊地域62番 瞬く街並みV1 旧立川・旧新松戸・旧梁川・旧上野など
20%
近郊地域70番 九月の風V1 旧千葉みなと
20%
新宿103-2番 遠い青空V1 相原・旧上野・旧古河・旧中野島など
20%
新宿107-1番 海岸通りV1 旧上総一ノ宮・旧新宿・旧四方津など
20%
新宿108-2番 すすきの高原V1 赤羽・旧大網・旧新松戸・旧吉祥寺など
20%
新宿109-2番 小川のせせらぎV1 長野・旧秋葉原・旧池袋・旧渋川など
20%
新宿110-1番 木々の目覚めV1 拝島・旧古河・旧鎌倉・旧神保原など
20%
近郊地域39-2番 ホリデイV2 旧船橋・旧津田沼・旧稲毛・旧戸塚など
20%
近郊地域41-1番 秋桜V2 旧津田沼・旧船橋
20%
近郊地域42番 あざみ野V2 尾久
20%
近郊地域61番 花のほころびV2 旧立川・旧渋谷・旧登戸・旧小林
20%
新宿103-1番 遠い青空V2 旧佐野
20%
新宿108-1番 すすきの高原V2 我孫子・旧浦和・旧西船橋
20%
新宿109-1番 小川のせせらぎV2 旧大崎・旧渋谷
20%
新宿110-2番 木々の目覚めV2 旧川越・旧武蔵高萩・旧桐生
20%
新宿111番 風と共にV2 北上・二戸・旧佐原・旧国立など
20%
周辺地域4-1番 せせらぎ 鐘強調Ver 目白・大塚・巣鴨・田端・日暮里など
20%
東日本地域8-3番 Verde Rayo V2 佐倉・君津・旧東京・旧八丁堀・旧越中島
20%
東日本地域8-2番 Verde Rayo エンドレスVer 巌根・君津・旧拝島・旧藤沢など
20%
東日本地域8-4番 Verde Rayo 低音強調Ver 都賀・五井・新横浜・町田・橋本など
20%
東日本地域7-3番 Water Crown エンドレスVer 旧大原・旧小山
20%
近郊地域45番 光と風と 長野・旧東松戸・旧我孫子・旧宇都宮など
10%
近郊地域46番 くるみあそび 旧本庄・旧市川大野・旧上野など
10%
近郊地域53番 シンコペーション 旧雀宮・旧新木場・旧王子・旧東松戸など
10%
近郊地域80番 柔らかな草原 旧竜王
10%
近郊地域82番 春だより 旧両国
10%
近郊地域83番 夢のワルツ 旧両国
10%
近郊地域99番 淡い恋心 旧武蔵小杉・旧品川
10%
近郊地域107番 パシフィック 南流山
10%
近郊地域111番 旧取手
10%
近郊地域113番 トレイントレイン 旧品川
10%
新潟1番 新潟
10%
常磐6番 初夏の雪解けの小川のせせらぎ 旧水戸
10%
成田空港1番 チャイム3B4 旧成田空港・旧空港第2ビル
10%
周辺地域1-3番 清流 4小節 旧川口・旧赤羽・旧猿橋など
10%
東日本地域5番 Cielo Estrellado 標準Ver 大船
10%
東日本地域5-1番 Cielo Estrellado 半音低いVer 大船・新木場・大井町など
10%
東日本地域5-1番 Cielo Estrellado 大船Ver 大船
10%
東日本地域5-1番 Cielo Estrellado 成東Ver 旧成東
10%
東日本地域5-1番 Cielo Estrellado 鴨宮Ver 旧鴨宮
10%
近郊地域58番 Dance On 旧日進・旧目黒・旧鹿島田
10%
東日本地域6-4番 Gota Del Vient やや低いVer 大船
10%
東日本地域6-5番 Gota Del Vient 短縮Ver 旧川尻(現駅名:十王)
10%
東日本地域6-6番 Gota Del Vient 高いVer 旧双葉・旧小高
10%
近郊地域21番 JR-SH5-1 標準Ver 旧東京・旧有楽町・旧尻手など
10%
品川2番 ML-24 旧品川・旧取手
10%
周辺地域111番 SF22-14 南流山・旧松戸
10%
近郊地域57番 Sunny Islands 旧市川大野・旧猿橋・旧神田など
10%
近郊地域49番 Sunrise 我孫子・日暮里・旧南浦和・旧新前橋など
10%
近郊地域47番 Twilight 長野・旧新宿・旧府中本町・旧大月など
10%
近郊地域40番 春待ち風V1 旧分倍河原・旧立川・旧梁川など
10%
東海道2-1番 陽だまりV2 北千住
10%
近郊地域40-1番 春待ち風V2 相原・旧立川・旧稲城長沼・旧梁川など
10%
近郊地域70-1番? 九月の風V2 百済貨物ターミナル
10%
周辺地域3番(パナ装置) 春 音飛びVer 旧池袋・旧西川口
10%
周辺地域4番 せせらぎ 標準Ver 旧東京・旧品川・旧秋葉原など
10%
周辺地域4-3番 せせらぎ 高音Ver 旧赤羽・旧板橋・十条・北赤羽・浮間舟渡
10%
周辺地域4-4番 せせらぎ トレモロVer 旧有楽町
10%
周辺地域4-5番 せせらぎ フェードアウトVer 旧上溝
10%
周辺地域4-6番 せせらぎ 音色違いVer 旧鹿沼
10%
近郊地域9番 高原 標準Ver 赤羽
10%
近郊地域9-5番 高原 音色違いVer 旧鹿沼
10%
近郊地域10番 草原 標準Ver 旧赤羽・旧取手・旧大久保・旧代々木など
10%
東海道1番 春風 標準Ver 旧松戸・旧新橋
10%
東日本地域8-5番 Verde Rayo 低いVer 旧熱海・旧西船橋・旧津田沼・旧稲毛
10%
東日本地域7番 Water Crown 標準Ver 大船
10%
東日本地域7-1番 Water Crown 半音低いVer 酒々井・新横浜・町田・橋本など
10%
東日本地域7-4番 Water Crown 半音低いVer 大船
10%
東日本地域7-6番 Water Crown くりこま高原Ver 旧くりこま高原など
10%
東日本地域7-7番 Water Crown 八戸Ver 八戸
10%
東日本地域7-8番 Water Crown 一ノ関Ver 一ノ関
10%
東日本地域7-9番 Water Crown 短縮Ver 旧南小谷・旧篠ノ井
10%
東日本地域7-10番 Water Crown 篠ノ井Ver 篠ノ井
10%
東日本地域7-12番 Water Crown 花巻Ver 花巻
10%
近郊地域79番 空へ 旧竜王
0%
近郊地域81番 ドリーム・パーク 旧東京
0%
近郊地域108番 ナイスガイ! 品川
0%
近郊地域112番 おはよう 旧品川
0%
新宿5番 ピアノと小鳥の鳴き声 旧新宿
0%
新宿6番 ハープとせせらぎ 旧新宿
0%
新宿9番 ハープと小鳥のさえずり 旧新宿
0%
新宿11番 素朴な鐘の音 旧新宿
0%
大井町101番 四季第一楽章「春」 旧大井町・旧高尾
0%
大井町102番 四季第三楽章「秋」 旧大井町・旧高尾
0%
東北2番 ふるさと 旧浦和
0%
東北5番 野ばら 旧北浦和・旧蓮田・旧黒磯
0%
東北6番 歓びの歌 旧蓮田
0%
蘇我1番 故郷のいこい 旧蘇我
0%
大崎1番 乙女の祈り 旧大崎
0%
周辺地域2-1番 雲を友として 12秒 旧川口・旧我孫子・旧松戸など
0%
近郊地域11-1番 四季〜愛しき子供達へ〜 12秒 旧松戸・旧新松戸・旧我孫子・旧立川など
0%
周辺地域2-6番 雲を友として 13秒(音色違い) 旧東小金井・旧西国分寺・旧稲田堤など
0%
周辺地域2番 雲を友として 14秒(いきなりフェードアウト) 旧東京・旧柏・旧品川など
0%
周辺地域2-3番 雲を友として 14秒(ゆっくりフェードアウト) 旧田端・旧松戸・旧秋葉原など
0%
近郊地域11番 四季〜愛しき子供達へ〜 15秒 旧金町・旧馬橋・旧柏・旧武蔵小金井
0%
近郊地域11-2番 四季〜愛しき子供達へ〜 16秒 旧松戸
0%
近郊地域17-3番 クラルテ 17秒 旧藤沢・旧安中榛名・旧新秋津など
0%
東北3-4番 浜千鳥 1音多いVer 旧蒲須坂・旧片岡・旧野崎
0%
近郊地域11-3番 四季〜愛しき子供達へ〜 20秒 旧馬橋
0%
周辺地域2-4番 雲を友として 21秒 旧浜松町・旧高崎問屋町・旧池袋など
0%
大井町1番 クラヴィア曲集 第2巻5番 旧大井町
0%
近郊地域17-1番 クラルテ 32秒 旧拝島・旧河辺
0%
周辺地域1-7番 清流 3小節と3拍(高音) 旧西川口
0%
近郊地域17-2番 クラルテ 33秒 旧藤沢・旧安中榛名
0%
東海道3番 チャイム3B1 旧藤沢
0%
東海道4番 チャイム3B5 標準Ver 一ノ関(接近)・八戸(接近)・旧藤沢
0%
東海道4-1番 チャイム3B5 速いVer 旧一ノ関(接近)・旧北上(接近)など
0%
近郊地域20番 チャイム3B6 標準Ver 旧佐倉・旧寒川・旧海老名・旧橋本など
0%
近郊地域20-1番 チャイム3B6 音色違いVer 旧北茅ケ崎・旧厚木・旧南橋本など
0%
近郊地域19番 チャイム3B7 標準Ver 旧武蔵中原・旧武蔵溝ノ口・旧登戸など
0%
東海道5番 チャイム3B8 旧茅ケ崎
0%
周辺地域1-6番 清流 4小節(音色違い) 旧東小金井・旧西国分寺
0%
常磐10番 ます 第4楽章 旧いわき
0%
周辺地域1-4番 清流 4小節と2拍(高音) 旧赤羽・旧南浦和・旧西川口など
0%
周辺地域1-1番 清流 4小節と3拍 旧池袋・旧松戸・旧武蔵浦和など
0%
周辺地域1-8番 清流 4小節と4拍(高音) 旧西川口・旧王子
0%
周辺地域1番 清流 5小節と3拍 旧北千住・旧四ツ谷・旧分倍河原など
0%
周辺地域1-2番 清流 5小節と3拍(速テンポ) 旧王子・旧南越谷
0%
周辺地域1-5番 清流 6小節 旧川口・旧日暮里・旧四ツ谷など
0%
周辺地域1-9番 清流 7小節 旧高崎問屋町・旧池袋など
0%
周辺地域1-10番 清流 7小節(高音) 旧板橋・旧十条
0%
周辺地域2-2番 雲を友として 8秒 旧赤羽
0%
大井町2番 交響曲第8番 第1楽章 旧大井町
0%
近郊地域17番 クラルテ 9秒 旧稲毛・旧武蔵境・旧新座など
0%
近郊地域96番 田園浪漫A 旧竜王
0%
近郊地域97番 高原のつぶやきA 旧竜王
0%
周辺地域113番 For tomorrow 辰野
0%
東日本地域6-3番 Gota Del Vient 微高音Ver 旧酒々井
0%
東北12番 hs2_melo5 八戸
0%
首都圏5番 JRE-IKST-006-01 標準Ver 大崎・渋谷・新宿・池袋・大宮・川越など
0%
首都圏5番 JRE-IKST-006-01 高音Ver 板橋・赤羽
0%
首都圏5-1番 JRE-IKST-006-02 標準Ver 大崎・渋谷・新宿・池袋・大宮・川越など
0%
首都圏5-1番 JRE-IKST-006-02 高音Ver 板橋・赤羽
0%
首都圏1-1番 JRE-IKST-007-01 標準Ver 南浦和・上野・東京・品川・横浜など
0%
首都圏1-1番 JRE-IKST-007-01 微低Ver 上中里・王子・東十条
0%
首都圏1番 JRE-IKST-007-02 標準Ver 南浦和・上野・東京・品川・横浜など
0%
首都圏1番 JRE-IKST-007-02 微低Ver 上中里・王子・東十条
0%
首都圏19番 JRE-IKST-018-01 標準Ver 大宮・池袋・大崎・熱海
0%
首都圏19番 JRE-IKST-018-01 微低Ver 浦和
0%
首都圏19-1番 JRE-IKST-018-01 標準Ver 大宮・池袋・大崎・熱海
0%
首都圏19-1番 JRE-IKST-018-01 微低Ver 浦和
0%
首都圏3-1番 JRE-IKST-021-01 標準Ver 東京・上野・大宮・品川・横浜など
0%
首都圏3-1番 JRE-IKST-021-01 微低Ver 浦和・久喜・雀宮
0%
首都圏3-1番 JRE-IKST-021-01 微低余韻エコー強調Ver 土呂・野木・間々田
0%
首都圏3番 JRE-IKST-021-02 標準Ver 東京・上野・大宮・品川・横浜など
0%
首都圏3番 JRE-IKST-021-02 微低Ver 浦和・久喜・雀宮
0%
首都圏3番 JRE-IKST-021-02 微低余韻エコー強調Ver 土呂・野木・間々田
0%
首都圏3-8番 JRE-IKST-021-12 標準Ver 古河・旧宇都宮
0%
首都圏3-8番 JRE-IKST-021-12 微低Ver 雀宮
0%
近郊地域25番 JR-SH1-1 標準Ver 旧上田・旧前橋大島・旧東京など
0%
近郊地域25-1番 JR-SH1-1 高音Ver 旧松本
0%
近郊地域23番 JR-SH2-1 10t1cVer 旧佐原・旧東京
0%
近郊地域23番 JR-SH2-1 標準Ver 旧新小岩・旧有楽町・旧御茶ノ水など
0%
近郊地域30番 JR-SH3-3 3t1cVer 旧東京
0%
近郊地域30番 JR-SH3-3 4t1cVer 旧東京・旧渋谷・旧佐原
0%
近郊地域30番 JR-SH3-3 4t1cVer(低音) 旧東京
0%
近郊地域30番 JR-SH3-3 標準Ver 旧中野・旧渋谷・旧国分寺・旧屋代(しな鉄)
0%
近郊地域33-1番 JR-SH4-1 低音Ver 旧双葉
0%
近郊地域21番 JR-SH5-1 10t1cVer 旧東京
0%
近郊地域21-1番 JR-SH5-1 頭欠け3t1cVer 旧東京・旧恵比寿
0%
近郊地域21番 JR-SH5-1 4t1cVer 旧東京・旧佐原など
0%
近郊地域27番 JR-SH8-1 標準Ver 旧桶川・旧塩山・旧恵比寿・旧船橋法典
0%
近郊地域27-1番 JR-SH8-1 高音Ver 旧双葉
0%
近郊地域56番 Mellow Time 標準Ver 赤羽・橋本・北上・旧新宿・旧南浦和など
0%
近郊地域56-1番 Mellow Time 原音Ver 旧北上
0%
東北13番 Melody04 新白河
0%
周辺地域112番 春 NewVer 標準Ver 鶯谷・市ケ谷・秋葉原・天王台など
0%
周辺地域112-1番 春 NewVer 高音Ver 旧西日暮里・旧神田・旧高円寺など
0%
周辺地域108番 SF10-31 標準Ver 旧柏・旧松戸・旧日暮里
0%
周辺地域108-1番 SF10-31 ショートVer 辰野
0%
周辺地域101番 SF22-29 標準Ver 旧金町
0%
周辺地域101-1番 SF22-29 ショートVer 旧柏
0%
近郊地域75番 Summer NightV1 旧佐倉
0%
近郊地域51番 メロディーV1 旧東大宮・旧武蔵浦和・旧新宿など
0%
東海道2番 陽だまりV1 標準Ver 旧新橋
0%
東海道2-2番 陽だまりV1 速いVer 旧新橋
0%
近郊地域39番 ホリデイV1 速いVer 旧立川・旧国立
0%
近郊地域39-1番 ホリデイV1 こもっているVer 旧戸塚
0%
新宿103番 遠い青空V1 速いVer 旧新宿
0%
新宿107番 海岸通りV1 原音Ver 旧新宿・旧四方津
0%
新宿108番 すすきの高原V1 原音Ver 旧新宿
0%
新宿109番 小川のせせらぎV1 速いVer 旧新宿
0%
新宿110番 木々の目覚めV1 速いVer 旧新宿
0%
近郊地域63番 夏が来ればV2 旧武蔵高萩
0%
近郊地域41番 秋桜V2 こもっているVer 旧戸塚
0%
周辺地域3番 春 標準Ver 目白・大塚・巣鴨など
0%
周辺地域3-1番 春 トレモロ弱Ver 旧池袋・旧南千住・旧品川など
0%
周辺地域3-2番 春 高速Ver 旧王子
0%
周辺地域3-3番 春 ずれトレモロVer 旧大森
0%
周辺地域3-4番 春 トレモロ強Ver 品川・鶯谷・旧南浦和・旧川崎など
0%
周辺地域3-6番 春 変則トレモロVer(半音高い) 旧西川口
0%
周辺地域3-7番 春 西川口Ver 旧西川口
0%
周辺地域3-8番 春 ずれトレモロVer(半音高い) 旧王子・旧板橋・旧十条など
0%
周辺地域4-1番(パナ装置) せせらぎ 新鐘強調Ver 旧池袋・旧浜松町・旧田町・旧神田
0%
周辺地域4-2番 せせらぎ 遅テンポVer 旧川口・旧猿橋・旧鹿沼
0%
近郊地域9番 高原 埼京音程Ver 十条・北赤羽・浮間舟渡・旧赤羽など
0%
近郊地域9-1番 高原 ベース強調Ver 旧代々木・旧我孫子
0%
近郊地域9-2番 高原 シンセ強調Ver 旧赤羽・旧北赤羽・旧浮間舟渡・旧南浦和
0%
近郊地域9-3番 高原 鐘強調Ver 旧大森
0%
近郊地域9-4番 高原 鐘強調Ver(速い) 青森・旧横手
0%
近郊地域10-1番 草原 音色違いVer 旧代々木
0%
近郊地域10-2番 草原 オルガンVer 旧取手・旧大崎
0%
近郊地域10-3番 草原 戻り速いVer 旧王子・旧国分寺
0%
近郊地域12番 こころ 標準Ver 旧池袋・旧松戸・旧柏・旧新松戸など
0%
近郊地域12-1番 こころ 短縮Ver 旧柏・旧北千住・旧北朝霞
0%
近郊地域12-2番 こころ 前奏付き短縮Ver 旧柏
0%
近郊地域12-3番 こころ 前奏付きVer 旧池袋
0%
東海道1-1番 春風 速いVer 旧新橋
0%
近郊地域52番 スプリングボックス 標準Ver 長野・町田・旧武蔵浦和・旧大網など
0%
近郊地域52-1番 スプリングボックス 原音Ver 北上
0%
周辺地域103番 遊園地のある駅 標準Ver 旧品川・旧大崎・旧日暮里
0%
周辺地域103-1番 遊園地のある駅 高音Ver 旧品川
0%
周辺地域104番 海の駅 標準Ver 軽井沢(接近)・旧大崎・旧品川
0%
周辺地域104-1番 海の駅 高音Ver 旧品川
0%
周辺地域105番 教会の見える駅 標準Ver 田端・日暮里・市ケ谷・秋葉原など
0%
周辺地域105-1番 教会の見える駅 高音Ver 旧西日暮里・旧神田・旧高円寺など
0%
周辺地域107番 チャイム 標準Ver 旧品川・旧淵野辺・旧橋本
0%
周辺地域107-1番 チャイム 高音Ver 旧品川
0%
新宿104番 夏色の時間 原音Ver 旧新宿
0%
東北1番 牧場の朝 浦和Ver 旧浦和
0%
東北1-1番 牧場の朝 黒磯Ver 旧黒磯
0%
東北1-2番 牧場の朝 旧赤羽Ver 旧赤羽・旧久喜
0%
東北1-3番 牧場の朝 立川Ver 旧立川
0%
東北1-4番 牧場の朝 久喜Ver 旧久喜
0%
東北1-5番 牧場の朝 北小金Ver 旧北小金
0%
東北1-6番 牧場の朝 新赤羽Ver 旧赤羽
0%
東北3番 浜千鳥 標準Ver 旧西那須野・旧土呂・旧館山など
0%
東北3-1番 浜千鳥 低音Ver 旧館山
0%
東北3-2番 浜千鳥 南武線Ver 旧稲城長沼・旧分倍河原・旧谷保など
0%
東北3-3番 浜千鳥 尻欠けVer 旧矢板・旧西那須野・旧鶴田など
0%
東北3-6番 浜千鳥 鶴田Ver 旧鶴田
0%
東北3-7番 浜千鳥 館山Ver 旧館山
0%
東北4番 ムーンリバー 標準Ver 旧土呂・旧東大宮
0%
東北4-1番 ムーンリバー 高音Ver 旧与野
0%
東北4-2番 ムーンリバー ロング・高速Ver 旧錦糸町・旧新小岩
0%
東北4-3番 ムーンリバー 微速Ver 旧立川
0%
東北4-4番 ムーンリバー 低音・遅テンポVer 旧野木
0%
東北4-5番 ムーンリバー 北小金Ver 旧北小金
0%
東北7番 すみれの花咲く頃 標準Ver 旧矢板・旧那須塩原・旧白岡・旧蘇我など
0%
東北7-1番 すみれの花咲く頃 佐原Ver 旧佐原
0%
東北7-2番 すみれの花咲く頃 ロングVer 旧蒲須坂・旧片岡・旧野崎
0%
東北7-3番 すみれの花咲く頃 那須塩原Ver 旧那須塩原
0%
東北7-4番 すみれの花咲く頃 鶴田Ver 旧鶴田・旧白岡・旧新白岡Ver
0%
東北8番 緑の風 標準Ver 旧浦和
0%
東北8-1番 緑の風 テンポ遅・ロングVer 旧佐原
0%
東北8-2番 緑の風 半音高い・テンポ速Ver 旧与野・旧立川・旧雀宮
0%
東北8-3番 緑の風 ロングVer 旧両国・旧錦糸町・旧新小岩など
0%
東北9番 希望の鐘 標準Ver 旧大崎・旧雀宮・旧佐原・旧西川口
0%
東北9-1番 希望の鐘 低速短縮Ver 旧赤羽
0%
東北9-2番 希望の鐘 超低速Ver 旧王子
0%
東北10番 牧場の朝 箱根ケ崎Ver 旧箱根ケ崎・旧赤羽
0%
日野1番 花の言葉 標準Ver 旧日野
0%
日野1-1番 花の言葉 高音Ver 旧北浦和
0%
新宿1番 ピアノの鐘的な響き VerA 旧新宿
0%
新宿3番 マリンバ(クリスタル素材)・森の音・ 野生の鹿の声 VerA 旧新宿
0%
新宿7番 ハープによるシンプルな音節 VerA 旧新宿
0%
新宿12番 ピアノの速い音節と鈴 VerA 旧新宿
0%
渋谷1番 ミュートピアノと鈴 VerA 旧渋谷
0%
新宿2番 ピアノの鐘的な響き VerB 旧新宿
0%
新宿4番 マリンバ(クリスタル素材)・森の音・ 野生の鹿の声 VerB 旧新宿
0%
新宿8番 ハープによるシンプルな音節 VerB 旧新宿
0%
新宿13番 ピアノの速い音節と鈴 VerB 旧新宿
0%
渋谷2番 ミュートピアノと鈴 VerB 旧渋谷
0%
東日本地域8番 Verde Rayo 速テンポVer 旧熱海・旧拝島・旧川越・旧大甕など
0%
東日本地域8-1番 Verde Rayo 遅テンポVer 君津・旧四街道・旧船橋など
0%
東日本地域7-2番 Water Crown 微高音Ver 盛岡・旧酒々井
0%
東日本地域7-5番 Water Crown 短縮Ver(やや低い) 旧南小谷・旧成東・旧岡谷など
0%
東日本地域7-11番 Water Crown 速テンポVer 旧双葉・旧小高
0%
No matching quizzes found
Score Distribution
Percent of People with Each Score
Percentile by Number Answered
Your Score History
You have not taken this quiz